Central Library OPAC University of Rajshahi

On early English pronunciation with especial reference to Shakspere and Chaucer : (Record no. 52653)

MARC details
000 -LEADER
fixed length control field 01659nam a2200253 a 4500
001 - CONTROL NUMBER
control field 52653
003 - CONTROL NUMBER IDENTIFIER
rucl marc code BD-RjUL
005 - DATE AND TIME OF LATEST TRANSACTION
control field 20211209075835.0
008 - FIXED-LENGTH DATA ELEMENTS--GENERAL INFORMATION
fixed length control field 160924s1869 enk 0 eng d
035 ## - SYSTEM CONTROL NUMBER
System control number (BD-RjUL)52773
System control number 835114
040 ## - CATALOGING SOURCE
Original cataloging agency NUN
Language of cataloging eng
Transcribing agency NUN
Modifying agency ANL
041 ## - LANGUAGE CODE
Language code of text/sound track or separate title eng
082 04 - DEWEY DECIMAL CLASSIFICATION NUMBER
Classification number 421.52
Author mark and year ELE 1969
100 1# - MAIN ENTRY--PERSONAL NAME
Personal name Ellis, Alexander J.,
Dates associated with a name 1814-1890.
9 (RLIN) 157439
245 10 - TITLE STATEMENT
Title On early English pronunciation with especial reference to Shakspere and Chaucer :
Remainder of title containing an investigation of the correspondence of writing with speech in England from the Anglosaxon period to the present day /
Statement of responsibility, etc. preceded by a systematic notation of all spoken sounds by means of the ordinary printing types, including a rearrangement of Prof. F.J.Child's memoirs on the language of Chaucer and Gower and reprints of the rare tracts by Salesbury on English, 1517, and Welch, 1567, and by Barc.
260 ## - PUBLICATION, DISTRIBUTION, ETC. (IMPRINT)
Place of publication, distribution, etc. Lond. :
Name of publisher, distributor, etc. Pub. for the Philological Soc. by Asher,
Date of publication, distribution, etc. 1869 :
Name of publisher, distributor, etc. Pub. for the Early English Text Soc. and the Chaucer Soc. by O.U.P.,
300 ## - PHYSICAL DESCRIPTION
Pagination 2 part. ;
Size 21 cm.
490 1# - SERIES STATEMENT
Series statement Extra seriesPub. for the Early English Text Soc. and the Chaucer Soc. by O.U.P., / (Early English Text Society ;
Volume/sequential designation no.7)
505 0# - FORMATTED CONTENTS NOTE
Formatted contents note Pt. 1 On the pronounciations of the XIVth, XVIth, XVIIth and XVIIIth centuries Pt.2, On the pronunciation of the Xiiith and previous centuries of Anglosaxon, Icelandic, Old Norse and Gothic, with chronological tables of the value of letters and expressions of sound in English writing.
650 #0 - SUBJECT ADDED ENTRY--TOPICAL TERM
Topical term or geographic name as entry element English language
General subdivision Pronunciation.
9 (RLIN) 117012
830 #0 - SERIES ADDED ENTRY--UNIFORM TITLE
Uniform title Early English Text Society (Series).
Volume number/sequential designation no.7.
942 ## - ADDED ENTRY ELEMENTS (KOHA)
Source of classification or shelving scheme Dewey Decimal Classification
Koha item type Books
Holdings
Lost status Source of classification or shelving scheme Damaged status Not for loan Collection code Permanent Location Current Location Shelving location Date acquired Source of acquisition Cost, normal purchase price Total Checkouts Full call number Date last seen Copy number Koha item type
  Dewey Decimal Classification     Non-fiction Central Library, University of Rajshahi Central Library, University of Rajshahi   13/11/1956 Blackwell 12.00   421.52 ELE pt-1 1869 24/09/2016 C-2 Books
  Dewey Decimal Classification     Non-fiction Central Library, University of Rajshahi Central Library, University of Rajshahi   06/11/1965 Blackwell 12.00   421.52 ELE Pt-3 1969 10/11/2016 C-3 Books